000 00440nam a22001697a 4500
003 OSt
005 20211117105220.0
008 211117b |||||||| |||| 00| 0 eng d
020 _a978-81-7473-173-3
040 _aDDC
_cHU
082 _2LATEST RDITION
_a616
_b5
100 _aA.S.M.T. HOSSAIN
_918887
245 _aTEXTBOOK OF MEDICINE
250 _aLATEST EDITION
260 _aINDIA
_bA.I.T.B.S. PUBLISHERS
_c2002
942 _2ddc
_cBOOKS
_n0
999 _c18673
_d18673